000 00633nam a22001937a 4500
999 _c164977
_d164977
005 20190531121527.0
010 _aENG-125419
020 _a9789381209134
_c2950.00
035 _aEN-108951
037 _bDBAD/PUB
082 _a891.4414
245 _aRediscovering Rabindranath/
_cedt. by Santi Nath Chattopadhyay
260 _aKolkata
_bPunthi Pustak
270 _a136/4B, Bidhan Sarani,
_bKolkata
_k91-3325555573
_mpunithpustak@hotmail.com
_e700004
300 _ax,790p.
_c25cm(pbk)
_bill.
500 _aincludes bibliography and index
700 _aChattopadhyay, Santi Nath
942 _2ddc
_cEN
_h891.4414
_mRED